000 00305nam a2200121Ia 4500
008 190216s9999||||xx |||||||||||||| ||und||
100 _a"Raisinghania M D, Aggarwal R S"
245 0 _aAdvanced Hydrow Dynamics
250 _a1st Ed.
260 _bSulthan Chand &co
_c1982
650 _aPhysics
942 _cBK
999 _c32922
_d32922